Ensaios Aleixianos (Registo nº 1385)

Detalhes MARC
000 -Etiqueta do registo
Cabeçalho 00670nam0a2200241 4500
005 - Identificador da versão
Campo de controlo 20240813121834.0
010 ## - Número internacional normalizado dos livros (ISBN)
Número (ISBN) 9789729064418
021 ## - Número do Depósito Legal
Código do país PT
Número 301533/09
100 ## - Dados gerais de processamento
Dados gerais de processamento 20160225d2011 m d0pory5003 ba
102 ## - Pais de publicação ou produção
País de publicação Portugal
101 0# - Língua de publicação
Língua do texto, banda sonora, etc. Português
215 ## - Descrição física 
Indicação específica da natureza do documento e extensão da espécie 67, [4] p
200 1# - Titulo e menção de responsabilidade
Título próprio Ensaios Aleixianos
Primeira menção de responsabilidade João Romero Chagas Aleixo
225 2# - Colecção 
Título próprio da colecção Caderno
Indicação de volume 5
210 ## - Publicação, Distribuição, etc. 
Lugar da edição, distribuição, etc. Loulé
Nome do editor, distribuidor, etc. Arquivo Municipal
Data da publicação, distribuição, etc. 2011
606 ## - Nome comum usado como assunto
Número de registo de entrada de autoridade 0002671
Palavra de ordem Literatura portuguesa
Subdivisão de assunto Ensaio
Código do sistema CA
675 ## - Classificação Decimal Universal (CDU)
Notação 821.134.3-4
Edição 3ª ed.
Língua da edição por
700 #1 - Nome de autor-pessoa física (responsabilidade principal)
Número de registo de entrada de autoridade 0001946
Palavra de ordem Aleixo
Outra parte do nome não tomada para palavra de ordem João Romero Chagas
Datas 1980-
966 ## - Identificação da Biblioteca
Sigla EB2,3ENM
942 ## - Elementos de entrada adicionados (Koha)
Tipo de item no Koha Livro
Exemplares
Situação do levantamento Origin of item (home branch) (coded) Biblioteca de empréstimo Código de barras Cota Circulation type (not for loan) Tipo de documento Nota do exemplar Damaged status
  Biblioteca Escolar Eng. Nuno Mergulhão Biblioteca Escolar Eng. Nuno Mergulhão BENM3328 82LP-4 ALE   Livro Sem mensagem  
  Biblioteca Escolar Eng. Nuno Mergulhão Biblioteca Escolar Eng. Nuno Mergulhão BENM3158 82LP-4 ALE   Livro Sem mensagem